00969 2200325 4500001002100000005001500021035002000036007000300056008004100059040001700100100001900117245011400136250000900250300004100259504002900300020002200329041000800351082001200359084001800371090002300389260004000412500002900452600002400481700003200505850001000537990002400547990002400571990002400595990002400619INLIS00000000000251120260601055029 a0010-0220000362ta260601 0  aSBPUPADbInd0 aMuhammad Iqbal1 aSimpel Hidroponik :bDimana pun... Kapan pun... Siap pun... Bisa Bertanam dengan Hidroponik /cMuhammad Iqbal aEd.1 aviii, 152 hlm. :bilus. ;c25 cmeCD aBibliografi, hlm 149-150 a978-979-29-5996-307aInd a631.585 a631.585 MUH s a631.585 MUH s 18-7 aYogyakarta :bLily Publisher,c2016 aTentang penulis, hlm 151 4aTeknologi Pertanian0 aEditor, FI. Sigit Suyantoro aPUPAD a33.855/DAK/DPK/2019 a33.856/DAK/DPK/2019 a33.857/DAK/DPK/2019 a34.634/DAK/DPK/2019